Tcl/TK for programmers with solved exercises that work with Unix and Windows
Αποθηκεύτηκε σε:
| Κύριος συγγραφέας: | |
|---|---|
| Μορφή: | Βιβλίο |
| Γλώσσα: | English |
| Δημοσίευση: |
Los Alamitos, Calif. :
IEEE Computer Society,
c2000.
|
| Θέματα: | |
| Ετικέτες: |
Προσθήκη ετικέτας
Δεν υπάρχουν, Καταχωρήστε ετικέτα πρώτοι!
|
MARC
| LEADER | 00000cam a2200000 i 4500 | ||
|---|---|---|---|
| 001 | 1/20284 | ||
| 008 | 010727s2000 cau| ||| |||| ||eng|| | ||
| 020 | |a 0818685158 | ||
| 035 | |l 10067101 | ||
| 040 | |a GR-MyUa |b gre |e AACR2 | ||
| 041 | 0 | |a eng | |
| 082 | 7 | |a 005.2762 |2 (22) | |
| 100 | 1 | |a Zimmer, J. A. | |
| 245 | 1 | 0 | |a Tcl/TK for programmers with solved exercises that work with Unix and Windows / |c J.Andrian Zimmer. |
| 260 | |a Los Alamitos, Calif. : |b IEEE Computer Society, |c c2000. | ||
| 300 | |a xiii, 544 σ. : |b εικ. ; |c 24 εκ. | ||
| 504 | |a Περιλαμβάνει βιβλιογραφικές παραπομπές: σ. 537 και ευρετήριο. | ||
| 630 | 0 | 0 | |a Tk toolkit. |
| 630 | 0 | 0 | |a UNIX (Computer file) |
| 630 | 0 | 0 | |a Microsoft Windows (Computer file) |
| 650 | 0 | |a Tcl (Computer program language) | |
| 852 | |a INST |b SAMOS |e 20010727 |h 005.2762 ZIM |p 005300020587 |q 005300020587 |t BK |y 0 | ||
| 852 | |a INST |b SAMOS |e 20010727 |h 005.2762 ZIM |p 005300020589 |q 005300020589 |t BK |y 0 | ||
| 852 | |a INST |b SAMOS |e 20010727 |h 005.2762 ZIM |p 005300020592 |q 005300020592 |t BK |y 0 | ||
| 901 | |a BIBL3-2001-2 | ||
| 922 | |a 3ΕΛΗ |b 200008 |c ΤΠΕΣ/ΠΟΛ-2 |d LEADER | ||
| 970 | |a ΜΑΛΑΓΑΡΗ |b ΦΩΤΕΙΝΗ |z 2001/07/27 | ||